Nfl Teams by record 2024 season - Statistics

General Stats
  • This quiz has been taken 41 times
  • The average score is 28 of 32
Answer Stats
Record Division Answer % Correct
9-8 AFC North Bengals
93%
12-5 AFC North Ravens
93%
10-7 AFC South Texans
93%
13-4 AFC East Bills
90%
10-7 AFC West Broncos
90%
14-3 NFC East Eagles
90%
5-12 AFC East Jets
90%
10-7 AFC North Steelers
90%
3-14 AFC North Browns
87%
11-6 AFC West Chargers
87%
8-9 AFC South Colts
87%
8-9 AFC East Dolphins
87%
4-13 AFC South Jaguars
87%
11-6 NFC North Packers
87%
4-13 AFC East Patriots
87%
4-13 AFC West Raiders
87%
10-7 NFC West Rams
87%
5-12 NFC South Saints
87%
10-7 NFC West Seahawks
87%
3-14 AFC South Titans
87%
6-11 NFC West 49ers
83%
10-7 NFC South Buccaneers
83%
15-2 AFC West Chiefs
83%
12-5 NFC East Commanders
83%
7-10 NFC East Cowboys
83%
3-14 NFC East Giants
83%
15-2 NFC North Lions
83%
5-12 NFC South Panthers
83%
14-3 NFC North Vikings
83%
5-12 NFC North Bears
80%
8-9 NFC West Cardinals
80%
8-9 NFC South Falcons
80%
No matching quizzes found
Score Distribution
Percent of People with Each Score
Percentile by Number Answered
Your Score History
You have not taken this quiz